[Event "Rhein Main op-A 24th"]
[Site "Bad Homburg"]
[Date "2022.06.19"]
[Round "7"]
[White "Hilbenz, Guntram"]
[Black "Schmidt, Kai Uwe"]
[Result "0-1"]
[WhiteElo "1811"]
[BlackElo "1897"]
[PlyCount "42"]
[EventDate "2022.06.15"]
[EventType "swiss"]
[EventRounds "7"]
[EventCountry "GER"]
[SourceTitle "EXT 2023"]
[Source "ChessBase"]
[SourceDate "2022.10.05"]
[SourceVersion "1"]
[SourceVersionDate "2022.10.05"]
[SourceQuality "1"]

1. c4 c5 2. g3 Nc6 3. Bg2 g6 4. Nc3 Bg7 5. a3 a6 6. Rb1 Rb8 7. b4 cxb4 8. axb4 b5 9. cxb5 axb5 10. Nf3 e5 11. e4 Nge7 12. Qb3 0-0 13. 0-0 d6 14. d3 h6 15. Nd5 Nxd5 16. exd5 Ne7 17. Nd2 f5 18. Bb2 f4 19. Ra1 Rf5 20. Be4 Rf7 21. Bg2 Qb6 0-1

[Event "Rhein Main op-A 24th"]
[Site "Bad Homburg"]
[Date "2022.06.16"]
[Round "2"]
[White "Schmidt, Kai Uwe"]
[Black "Nazarenus, Moritz"]
[Result "0-1"]
[WhiteElo "1897"]
[BlackElo "2228"]
[PlyCount "84"]
[EventDate "2022.06.15"]
[EventType "swiss"]
[EventRounds "7"]
[EventCountry "GER"]
[SourceTitle "EXT 2023"]
[Source "ChessBase"]
[SourceDate "2022.10.05"]
[SourceVersion "1"]
[SourceVersionDate "2022.10.05"]
[SourceQuality "1"]

1. Nf3 d5 2. d4 Nf6 3. c4 c6 4. e3 Bf5 5. Nc3 e6 6. Nh4 Bg6 7. Be2 Be7 8. g3 Nbd7 9. 0-0 dxc4 10. Nxg6 hxg6 11. Bxc4 0-0 12. Qc2 Rc8 13. Rd1 Qa5 14. b3 b5 15. Bf1 b4 16. Ne4 c5 17. Nxc5 Nxc5 18. dxc5 Rxc5 19. Bc4 Ng4 20. Bb2 Rh5 21. Be2 Rc5 22. Qe4 Nf6 23. Qb7 Rc2 24. Bd3 Rxb2 25. Qxe7 Ng4 26. Bxg6 fxg6 27. Qxe6+ Kh7 28. Qxg4 Rfxf2 29. Qh4+ Qh5 30. Rd4 Rg2+ 31. Kf1 Rxh2 32. Qxh5+ gxh5 33. Kg1 Rbg2+ 34. Kf1 Rxg3 35. Rxb4 h4 36. Rd1 Kh6 37. Rdd4 Kh5 38. Rb5+ g5 39. Rb7 Rxa2 40. Rh7+ Kg6 41. Rdd7 Rf3+ 42. Kg1 Rxe3 0-1

[Event "Erfurt op-A 29th"]
[Site "Erfurt"]
[Date "2019.12.26"]
[Round "1"]
[White "Schmidt, Kai Uwe"]
[Black "Walther, Andi"]
[Result "0-1"]
[WhiteElo "1982"]
[BlackElo "2180"]
[PlyCount "50"]
[EventDate "2019.12.26"]
[EventType "swiss"]
[EventRounds "8"]
[EventCountry "GER"]
[SourceTitle "CBM 194 Extra"]
[Source "ChessBase"]
[SourceDate "2020.03.31"]
[SourceVersion "1"]
[SourceVersionDate "2020.03.31"]
[SourceQuality "1"]

1. Nf3 Nf6 2. d4 g6 3. g3 Bg7 4. Bg2 0-0 5. 0-0 d6 6. a4 c6 7. a5 Bf5 8. b3 Qc8 9. Re1 c5 10. Bb2 Nc6 11. dxc5 dxc5 12. a6 Rd8 13. Qc1 bxa6 14. Na3 Rb8 15. Ne5 Be4 16. f3 Bd5 17. e4 Be6 18. Nac4 Nd4 19. Na5 Nd7 20. Nec4 Nb6 21. Ra2 Qd7 22. f4 Qb5 23. Nd2 Ne2+ 24. Rxe2 Qxe2 25. Bxg7 Rxd2 0-1

[Event "Mittelrhein Verbandsliga Nord 1920"]
[Site "Mittelrhein"]
[Date "2019.12.08"]
[Round "4.1"]
[White "Schmidt, Kai Uwe"]
[Black "Asadzade, Idris"]
[Result "1/2-1/2"]
[WhiteElo "1959"]
[BlackElo "2121"]
[PlyCount "54"]
[EventDate "2019.09.29"]
[EventType "team-tourn"]
[EventRounds "9"]
[EventCountry "GER"]
[SourceTitle "EXT 2023"]
[Source "ChessBase"]
[SourceDate "2022.10.05"]
[SourceVersion "1"]
[SourceVersionDate "2022.10.05"]
[SourceQuality "1"]
[WhiteTeam "Klub Koelner SF III"]
[BlackTeam "Leverkusen Koenigsspringer"]
[WhiteTeamCountry "GER"]
[BlackTeamCountry "GER"]

1. Nf3 Nf6 2. d4 d5 3. c4 e6 4. g3 dxc4 5. Bg2 Bb4+ 6. Bd2 a5 7. 0-0 Nc6 8. e3 Nd5 9. Qc2 b5 10. Rd1 Bxd2 11. Qxd2 0-0 12. h4 Rb8 13. a4 b4 14. e4 Nb6 15. d5 exd5 16. exd5 Ne7 17. Qe3 Nexd5 18. Qc5 Qd6 19. Qxd6 cxd6 20. Nd4 Bg4 21. Rd2 Rbc8 22. Nb5 c3 23. bxc3 bxc3 24. Rc2 Bf5 25. Rc1 c2 26. N1a3 Rfd8 27. Bxd5 Bd3 1/2-1/2

[Event "Rhein Main op-A 22nd"]
[Site "Bad Homburg"]
[Date "2019.06.23"]
[Round "7"]
[White "Schmidt, Kai Uwe"]
[Black "Engel, Jan"]
[Result "1-0"]
[WhiteElo "2040"]
[BlackElo "1899"]
[PlyCount "103"]
[EventDate "2019.06.19"]
[EventType "swiss"]
[EventRounds "9"]
[EventCountry "GER"]
[SourceTitle "EXT 2020"]
[Source "ChessBase"]
[SourceDate "2019.10.17"]
[SourceVersion "1"]
[SourceVersionDate "2019.10.17"]
[SourceQuality "1"]

1. Nf3 Nf6 2. c4 e6 3. g3 d5 4. d4 Be7 5. Bg2 0-0 6. Qc2 b6 7. cxd5 exd5 8. Ne5 Bb7 9. 0-0 Re8 10. Nc3 Nbd7 11. Qa4 Nxe5 12. dxe5 Ne4 13. Nxe4 dxe4 14. Bxe4 Bxe4 15. Qxe4 Bc5 16. Kg2 Qd4 17. Qxd4 Bxd4 18. f4 f6 19. e3 Bc5 20. exf6 gxf6 21. Kf3 Rad8 22. Ke2 Rd4 23. Bd2 Rde4 24. Rf3 f5 25. Rc1 a5 26. Rc3 Kf7 27. Rd3 Kg6 28. Rd7 Bd6 29. Bc3 R8e7 30. Rd8 Re8 31. Rd7 R8e7 32. Rd8 Re8 33. Rxe8 Rxe8 34. Rf1 h5 35. Kf3 Re7 36. Rd1 Re6 37. Rd4 Bc5 38. Rd3 Bd6 39. Bd2 Be7 40. Bc3 Bf6 41. h3 Bxc3 42. Rxc3 c5 43. g4 hxg4+ 44. hxg4 fxg4+ 45. Kxg4 Rd6 46. a4 Kf7 47. Rb3 Rg6+ 48. Kf5 Rd6 49. Ke5 Ke7 50. f5 Rh6 51. e4 Rd6 52. Rh3 1-0

[Event "Rhein Main op-A 22nd"]
[Site "Bad Homburg"]
[Date "2019.06.22"]
[Round "6"]
[White "Gottas, Mike"]
[Black "Schmidt, Kai Uwe"]
[Result "1-0"]
[WhiteElo "1987"]
[BlackElo "2040"]
[PlyCount "55"]
[EventDate "2019.06.19"]
[EventType "swiss"]
[EventRounds "9"]
[EventCountry "GER"]
[SourceTitle "EXT 2020"]
[Source "ChessBase"]
[SourceDate "2019.10.17"]
[SourceVersion "1"]
[SourceVersionDate "2019.10.17"]
[SourceQuality "1"]

1. d4 Nf6 2. Nf3 g6 3. Bf4 d6 4. e3 Nh5 5. Bg5 h6 6. Bh4 g5 7. Bg3 Bg7 8. c3 Nd7 9. Nbd2 e5 10. dxe5 Nxg3 11. hxg3 dxe5 12. Qc2 Qe7 13. Bc4 Nc5 14. Rd1 e4 15. Nd4 Bg4 16. Rb1 Rd8 17. b4 Nd3+ 18. Bxd3 exd3 19. Qxd3 0-0 20. N2f3 Rfe8 21. 0-0 h5 22. Qc4 Qf6 23. Qc5 h4 24. Qxg5 Qxg5 25. Nxg5 hxg3 26. f3 Bc8 27. Rfc1 Bh6 28. Ne4 1-0

[Event "Rhein Main op-A 22nd"]
[Site "Bad Homburg"]
[Date "2019.06.20"]
[Round "3"]
[White "Schmidt, Kai Uwe"]
[Black "Zilch, Lothar"]
[Result "1-0"]
[WhiteElo "2040"]
[BlackElo "1885"]
[PlyCount "143"]
[EventDate "2019.06.19"]
[EventType "swiss"]
[EventRounds "9"]
[EventCountry "GER"]
[SourceTitle "EXT 2020"]
[Source "ChessBase"]
[SourceDate "2019.10.17"]
[SourceVersion "1"]
[SourceVersionDate "2019.10.17"]
[SourceQuality "1"]

1. Nf3 d5 2. d4 Nf6 3. c4 e6 4. g3 g6 5. Bg2 Bg7 6. Qc2 dxc4 7. Qxc4 0-0 8. 0-0 c6 9. Bg5 Qb6 10. Qc1 Nbd7 11. Nc3 Nd5 12. Na4 Qa6 13. Qc2 f6 14. Bc1 N5b6 15. Nc3 e5 16. dxe5 Nxe5 17. Nxe5 fxe5 18. a4 Be6 19. Bg5 Qc4 20. Qe4 Qxe4 21. Nxe4 Bc4 22. Rfe1 Nd5 23. Nc5 h6 24. Bd2 Rf7 25. b3 Ba6 26. Be4 Kh7 27. h4 Nf6 28. Bg2 Rd8 29. Ra2 e4 30. Nxa6 bxa6 31. Rc2 Rc8 32. Bh3 Rb8 33. b4 Rfb7 34. Rxc6 Rb6 35. Rec1 Rd8 36. Rxb6 axb6 37. Be1 Rd6 38. g4 g5 39. hxg5 hxg5 40. Bc3 Ng8 41. Be1 Nf6 42. Kf1 Kg6 43. e3 Re6 44. Rc4 Bf8 45. Bg2 Be7 46. b5 axb5 47. axb5 Re5 48. Rc6 Rxb5 49. Bxe4+ Kf7 50. Bf5 Bb4 51. Be6+ Ke7 52. Bc4 Bxe1 53. Bxb5 Ba5 54. Rc4 Ke6 55. Rc6+ Ke7 56. Rc7+ Kf8 57. Be2 Bb4 58. Rc6 Nd7 59. Rg6 Be7 60. Bc4 Bd8 61. Rg8+ Ke7 62. Bb5 Nf6 63. Rxg5 Kd6 64. Rg6 Kc5 65. Rg5+ Nd5 66. Rh5 Kd6 67. Rh7 Nf6 68. Rh6 Kc5 69. Be2 b5 70. g5 Ng8 71. Rh8 Bxg5 72. Rxg8 1-0

[Event "Rhein Main op-A 22nd"]
[Site "Bad Homburg"]
[Date "2019.06.19"]
[Round "1"]
[White "Schmidt, Kai Uwe"]
[Black "Khenkin, Igor"]
[Result "0-1"]
[WhiteElo "2040"]
[BlackElo "2548"]
[PlyCount "65"]
[EventDate "2019.06.19"]
[EventType "swiss"]
[EventRounds "9"]
[EventCountry "GER"]
[SourceTitle "EXT 2020"]
[Source "ChessBase"]
[SourceDate "2019.10.17"]
[SourceVersion "1"]
[SourceVersionDate "2019.10.17"]
[SourceQuality "1"]

1. Nf3 d5 2. d4 c6 3. c4 dxc4 4. e3 b5 5. a4 e6 6. axb5 cxb5 7. b3 Bb4+ 8. Bd2 Bxd2+ 9. Nbxd2 a5 10. Ne5 Nf6 11. Be2 Qc7 12. bxc4 b4 13. 0-0 0-0 14. Qa4 Bb7 15. Rfc1 Nbd7 16. Nxd7 Nxd7 17. c5 Bc6 18. Bb5 Bxb5 19. Qxb5 Rfb8 20. Qa4 Nf6 21. e4 Qf4 22. Qc2 Ng4 23. Nf3 b3 24. Qb2 Qxe4 25. c6 a4 26. h3 Nf6 27. Rc4 Nd5 28. c7 Rc8 29. Nd2 Qd3 30. Rcxa4 Rxa4 31. Rxa4 Qc2 32. Qxb3 Qxd2 33. Qb7 0-1

[Event "Pfalz op 10th"]
[Site "Neustadt an der Weinstrasse"]
[Date "2019.03.03"]
[Round "5"]
[White "Commercon, Simon"]
[Black "Schmidt, Kai Uwe"]
[Result "0-1"]
[WhiteElo "2269"]
[BlackElo "2044"]
[PlyCount "166"]
[EventDate "2019.03.01"]
[EventType "swiss"]
[EventRounds "9"]
[EventCountry "GER"]
[SourceTitle "CBM 189 Extra"]
[Source "ChessBase"]
[SourceDate "2019.06.03"]
[SourceVersion "1"]
[SourceVersionDate "2019.06.03"]
[SourceQuality "1"]

1. c4 c5 2. Nf3 Nc6 3. Nc3 e5 4. d3 g6 5. a3 Bg7 6. Rb1 Nge7 7. g3 0-0 8. Bg2 a5 9. 0-0 d6 10. Ne1 Be6 11. Nc2 d5 12. cxd5 Nxd5 13. Ne3 Nde7 14. Ne4 b6 15. Ng5 Bd7 16. Bd2 a4 17. Bc3 Ra6 18. Nf3 Nd4 19. Nc4 f6 20. Bxd4 cxd4 21. Ncd2 Be6 22. Rc1 Qd7 23. Qc2 Rc8 24. Qb1 Raa8 25. Nc4 Rab8 26. Ncd2 Qb5 27. Ne4 Qd7 28. h4 h6 29. Kh2 f5 30. Ned2 Qb5 31. Rfe1 Bf6 32. Bf1 g5 33. Rxc8+ Rxc8 34. Rc1 Rc5 35. Rxc5 Qxc5 36. hxg5 hxg5 37. g4 Qc7 38. gxf5 e4+ 39. Kg1 exf3 40. fxe6 Qf4 41. Nxf3 g4 42. Qc2 gxf3 43. exf3 Qxf3 44. Bg2 Qf5 45. Qxa4 Bh4 46. Qe8+ Qf8 47. Qxf8+ Kxf8 48. Be4 Bg5 49. a4 Bd2 50. Kf1 Kg7 51. Ke2 Bb4 52. Bg2 Kf6 53. Bh3 Ng6 54. Kf3 Ke5 55. Kg4 Nf4 56. Bf1 Nxe6 57. b3 Bd2 58. Kf3 Nc5 59. Ke2 Nxb3 60. Bg2 Bb4 61. Kd1 Nc5 62. Kc2 Be1 63. Bc6 Bxf2 64. Kd2 Kd6 65. Bb5 Nb7 66. Kc2 Kc5 67. Kb3 Be1 68. Ba6 Na5+ 69. Ka3 Nc6 70. Bb5 Bb4+ 71. Kb3 Na5+ 72. Kb2 Bd2 73. Kc2 Bc3 74. Be8 Kb4 75. Bd7 Nb7 76. Be8 Nc5 77. Bc6 Nxa4 78. Be8 Nc5 79. Bc6 Ka3 80. Bb5 Kb4 81. Bc6 Na6 82. Bb7 Ka5 83. Bc8 Nb4+ 0-1

[Event "Groningen op 56th"]
[Site "Groningen"]
[Date "2018.12.23"]
[Round "3"]
[White "Krasenkova, Ilena"]
[Black "Schmidt, Kai Uwe"]
[Result "1-0"]
[WhiteElo "2144"]
[BlackElo "2026"]
[PlyCount "26"]
[EventDate "2018.12.22"]
[EventType "swiss"]
[EventRounds "9"]
[EventCountry "NED"]
[SourceTitle "CBM 188 Extra"]
[Source "ChessBase"]
[SourceDate "2019.02.26"]
[SourceVersion "1"]
[SourceVersionDate "2019.02.26"]
[SourceQuality "1"]

1. d4 Nf6 2. c4 g6 3. Nc3 Bg7 4. e4 d6 5. h3 0-0 6. Nf3 Na6 7. Bg5 Qe8 8. g4 c5 9. d5 e6 10. Qe2 exd5 11. exd5 Qd8 12. 0-0-0 Qa5 13. Rd2 Re8 1-0

[Event "Groningen op 56th"]
[Site "Groningen"]
[Date "2018.12.23"]
[Round "2"]
[White "Schmidt, Kai Uwe"]
[Black "Baselmans, Luuk"]
[Result "0-1"]
[WhiteElo "2026"]
[BlackElo "2191"]
[PlyCount "72"]
[EventDate "2018.12.22"]
[EventType "swiss"]
[EventRounds "9"]
[EventCountry "NED"]
[SourceTitle "CBM 188 Extra"]
[Source "ChessBase"]
[SourceDate "2019.02.26"]
[SourceVersion "1"]
[SourceVersionDate "2019.02.26"]
[SourceQuality "1"]

1. Nf3 Nf6 2. d4 e6 3. Bg5 h6 4. Bh4 b6 5. e3 Bb7 6. Bd3 d6 7. 0-0 Nbd7 8. Qe2 Be7 9. Nbd2 e5 10. e4 Nh5 11. Bxe7 Qxe7 12. dxe5 Nf4 13. Qe3 dxe5 14. Bb5 c6 15. Bc4 0-0 16. Rfd1 a6 17. a4 b5 18. Bf1 Nc5 19. Qa3 Ng6 20. Nb3 Nxb3 21. Qxe7 Nxe7 22. cxb3 Ng6 23. Rd7 Rab8 24. b4 bxa4 25. Bc4 Bc8 26. Rc7 Rxb4 27. Bxf7+ Rxf7 28. Rxc8+ Kh7 29. Rxc6 Rf6 30. Rc5 Rxe4 31. Ra5 Re2 32. Kf1 Rxb2 33. R1xa4 Nf4 34. Rxe5 Nd3 35. Re3 Rb1+ 36. Ne1 Rxf2+ 0-1

[Event "Rhein Main op-A 21st"]
[Site "Bad Homburg"]
[Date "2018.06.01"]
[Round "4"]
[White "Schmidt, Kai Uwe"]
[Black "Marchese, Gaspare"]
[Result "0-1"]
[WhiteElo "2005"]
[BlackElo "1905"]
[PlyCount "84"]
[EventDate "2018.05.30"]
[EventType "swiss"]
[EventRounds "7"]
[EventCountry "GER"]
[SourceTitle "EXT 2019"]
[Source "ChessBase"]
[SourceDate "2018.10.10"]
[SourceVersion "1"]
[SourceVersionDate "2018.10.10"]
[SourceQuality "1"]

1. d4 d5 2. Nf3 Nf6 3. c4 Bf5 4. cxd5 Nxd5 5. Nbd2 Bg6 6. e4 Nb6 7. Bb5+ c6 8. Be2 e6 9. Qb3 Be7 10. a4 a5 11. 0-0 0-0 12. Rd1 Qc7 13. Ne5 Na6 14. Nxg6 hxg6 15. Nf3 Nb4 16. Be3 Nd7 17. Rac1 Nf6 18. Ng5 Rad8 19. g3 Nh7 20. Nf3 Nf6 21. Bf4 Qc8 22. Ng5 Nh7 23. h4 Nxg5 24. hxg5 e5 25. dxe5 Rxd1+ 26. Rxd1 Rd8 27. Bc4 Rxd1+ 28. Qxd1 Kf8 29. Kg2 b5 30. axb5 cxb5 31. Bxb5 Qb7 32. Qd7 Qxd7 33. Bxd7 Nd3 34. b3 Nc5 35. Ba4 Nxe4 36. f3 Nc5 37. Bb5 Nxb3 38. Kf1 Nd4 39. Ba4 Nxf3 40. Ke2 Nxg5 41. Kd3 Ne6 42. Bd2 Nc5+ 0-1

[Event "Mittelrhein Verbandsliga-S 17/18"]
[Site "Nordrheinwestfalen"]
[Date "2018.04.15"]
[Round "10.1"]
[White "Schmidt, Kai Uwe"]
[Black "Strohmeyer, Jochen"]
[Result "0-1"]
[WhiteElo "1921"]
[BlackElo "2129"]
[PlyCount "68"]
[EventDate "2017.09.10"]
[EventType "team-tourn"]
[EventRounds "11"]
[EventCountry "GER"]
[SourceTitle "EXT 2022"]
[Source "ChessBase"]
[SourceDate "2021.10.06"]
[SourceVersion "1"]
[SourceVersionDate "2021.10.06"]
[SourceQuality "1"]
[WhiteTeam "Koeln SF III"]
[BlackTeam "Koeln Lasker II"]
[WhiteTeamCountry "GER"]
[BlackTeamCountry "GER"]

1. d4 Nf6 2. Nf3 d5 3. c4 g6 4. cxd5 Nxd5 5. e4 Nb6 6. h3 Bg7 7. Nc3 0-0 8. Bg5 Nc6 9. d5 Ne5 10. Nxe5 Bxe5 11. Qb3 c6 12. Rd1 cxd5 13. exd5 Re8 14. Be2 Qc7 15. 0-0 Bd7 16. Rc1 Rac8 17. Rfd1 Bf4 18. Bxf4 Qxf4 19. Bf1 Ba4 20. Qa3 Bxd1 21. Rxd1 a6 22. Qb3 Qc7 23. Rd4 Red8 24. Rb4 Nd7 25. Rxb7 Qe5 26. Qb4 Nc5 27. Rb6 Qe1 28. Qf4 Nd3 29. Qd4 Nxb2 30. Ne2 Nc4 31. Rxa6 Nd2 32. Ng3 Rc1 33. Qb6 Rdc8 34. Qe3 Nxf1 0-1

[Event "Vellmar op 7th"]
[Site "Vellmar"]
[Date "2015.08.07"]
[Round "2"]
[White "Schmidt, Kai Uwe"]
[Black "Balje, Jan"]
[Result "0-1"]
[WhiteElo "2007"]
[BlackElo "2189"]
[PlyCount "69"]
[EventDate "2015.08.06"]
[EventType "swiss"]
[EventRounds "7"]
[EventCountry "GER"]
[SourceTitle "CBM 167 Extra"]
[Source "ChessBase"]
[SourceDate "2015.09.14"]
[SourceVersion "1"]
[SourceVersionDate "2015.09.14"]
[SourceQuality "1"]

1. d4 Nf6 2. c4 e6 3. Nc3 Bb4 4. e3 0-0 5. Bd3 d5 6. Nge2 dxc4 7. Bxc4 e5 8. 0-0 Nc6 9. h3 a6 10. a3 Bd6 11. Qc2 Bd7 12. Ba2 Qc8 13. dxe5 Nxe5 14. Nf4 c6 15. Rd1 Qc7 16. Na4 Rad8 17. Bd2 Bc8 18. Rac1 g5 19. Ne2 Nd3 20. Rb1 Bf5 21. Bc3 Ne4 22. Nd4 Bh2+ 23. Kf1 Bg6 24. Rxd3 Nxc3 25. Qxc3 Qe5 26. Rbd1 Bxd3+ 27. Rxd3 Qf6 28. Nc5 Be5 29. Nxb7 Rc8 30. Nc5 Rfd8 31. Bc4 g4 32. hxg4 Qh4 33. Bxf7+ Kxf7 34. Qc4+ Kg6 35. Nf3 0-1

[Event "Mittelrhein Regionalliga 1415"]
[Site "Mittelrhein"]
[Date "2014.09.28"]
[Round "1.4"]
[White "Gruebner, Christopher"]
[Black "Schmidt, Kai Uwe"]
[Result "1-0"]
[WhiteElo "2053"]
[BlackElo "1971"]
[PlyCount "77"]
[EventDate "2014.09.28"]
[EventType "team-tourn"]
[EventRounds "9"]
[EventCountry "GER"]
[SourceTitle "EXT 2023"]
[Source "ChessBase"]
[SourceDate "2022.10.05"]
[SourceVersion "1"]
[SourceVersionDate "2022.10.05"]
[SourceQuality "1"]
[WhiteTeam "Rheinbacher SF"]
[BlackTeam "Klub Koelner SF II"]
[WhiteTeamCountry "GER"]
[BlackTeamCountry "GER"]

1. b3 e5 2. Bb2 Nc6 3. e3 a6 4. c4 Nf6 5. Nc3 Be7 6. Nd5 0-0 7. Nxe7+ Qxe7 8. Ne2 d6 9. Ng3 Bd7 10. Rc1 b5 11. cxb5 axb5 12. a3 Rab8 13. Bd3 g6 14. b4 Qe6 15. 0-0 Ne8 16. f4 f5 17. Bc2 d5 18. Bb3 Nd6 19. d3 exf4 20. e4 fxe4 21. dxe4 Nc4 22. Bxc4 dxc4 23. Ne2 Rbd8 24. Nxf4 Qxe4 25. Qd5+ Qxd5 26. Nxd5 Rxf1+ 27. Rxf1 Bf5 28. Nxc7 Rd2 29. Bc1 Rc2 30. Bh6 Nd4 31. Nd5 Kf7 32. g4 Ne2+ 33. Kh1 Ke6 34. gxf5+ Kxd5 35. f6 Nd4 36. f7 Ne6 37. Rd1+ Kc6 38. Re1 Rf2 39. Rxe6+ 1-0

[Event "Gelsenkirchen Silvester op 1st"]
[Site "Gelsenkirchen"]
[Date "2013.12.28"]
[Round "3"]
[White "Schmidt, Kai Uwe"]
[Black "Langers, Alexander"]
[Result "0-1"]
[WhiteElo "2069"]
[BlackElo "2217"]
[PlyCount "66"]
[EventDate "2013.12.27"]
[EventType "swiss"]
[EventRounds "5"]
[EventCountry "GER"]
[SourceTitle "EXT 2019"]
[Source "ChessBase"]
[SourceDate "2018.10.10"]
[SourceVersion "1"]
[SourceVersionDate "2018.10.10"]
[SourceQuality "1"]

1. d4 d5 2. Nf3 Nf6 3. c4 c6 4. e3 e6 5. b3 Bb4+ 6. Nbd2 0-0 7. Bd3 Nbd7 8. Qc2 b6 9. 0-0 Bb7 10. Bb2 Rc8 11. Rad1 Qc7 12. e4 dxe4 13. Nxe4 Nxe4 14. Bxe4 Nf6 15. c5 Ba5 16. Bd3 b5 17. a3 Qe7 18. Bc1 Bc7 19. Bg5 h6 20. Bh4 Rfd8 21. Ne5 g5 22. Bg3 Nd5 23. Rde1 Qf6 24. Qe2 Nf4 25. Bxf4 Qxf4 26. Qh5 Rxd4 27. g3 Qf6 28. f4 gxf4 29. gxf4 Rxf4 30. Ng4 Qd4+ 31. Re3 Rxg4+ 32. Kh1 Rg7 33. Rg3 Bxg3 0-1

[Event "Gelsenkirchen Silvester op 1st"]
[Site "Gelsenkirchen"]
[Date "2013.12.27"]
[Round "2"]
[White "Bigott, Martin"]
[Black "Schmidt, Kai Uwe"]
[Result "0-1"]
[WhiteElo "1881"]
[BlackElo "2069"]
[PlyCount "62"]
[EventDate "2013.12.27"]
[EventType "swiss"]
[EventRounds "5"]
[EventCountry "GER"]
[SourceTitle "EXT 2019"]
[Source "ChessBase"]
[SourceDate "2018.10.10"]
[SourceVersion "1"]
[SourceVersionDate "2018.10.10"]
[SourceQuality "1"]

1. d4 d6 2. Nf3 g6 3. Bf4 Bg7 4. e3 Nd7 5. c3 e5 6. Bg3 Qe7 7. Qa4 Nh6 8. dxe5 dxe5 9. e4 0-0 10. Nbd2 a6 11. Bh4 Bf6 12. Bxf6 Nxf6 13. h3 Nh5 14. g4 Nf4 15. g5 Nf5 16. exf5 Bxf5 17. h4 b5 18. Qa5 e4 19. Nd4 Bg4 20. Nc2 e3 21. fxe3 Nd5 22. e4 Qe5 23. Rg1 Bf3 24. Kf2 Bxe4 25. Nxe4 Qxe4 26. Nd4 c5 27. Bg2 Qe3+ 28. Kf1 Nf4 29. Re1 Qd3+ 30. Ne2 Rae8 31. Bc6 Rxe2 0-1